Songs of Life and Hope/Cantos de vida y esperanza /
First complete English translation of Songs of Life and Hope and The Swan and Other Poetry by Ruben Dario, one of the greatest poets to emerge from Latin America.
| Autor principal: | |
|---|---|
| Otros Autores: | , |
| Formato: | Electrónico eBook |
| Idioma: | Inglés Español |
| Publicado: |
Durham :
Duke University Press,
2004.
|
| Colección: | Book collections on Project MUSE.
|
| Temas: | |
| Acceso en línea: | Texto completo |
MARC
| LEADER | 00000cam a22000004a 4500 | ||
|---|---|---|---|
| 001 | musev2_69147 | ||
| 003 | MdBmJHUP | ||
| 005 | 20230905051139.0 | ||
| 006 | m o d | ||
| 007 | cr||||||||nn|n | ||
| 008 | 080125s2004 ncu o 00 0 eng d | ||
| 020 | |a 9780822385448 | ||
| 020 | |z 9780822332824 | ||
| 020 | |z 9780822332718 | ||
| 035 | |a (OCoLC)1139363622 | ||
| 040 | |a MdBmJHUP |c MdBmJHUP | ||
| 041 | 1 | |a eng |a spa |h spa | |
| 100 | 1 | |a Darío, Ruben, |d 1867-1916. | |
| 240 | 1 | 0 | |a Cantos de vida y esperanza. |l English & Spanish |
| 245 | 1 | 0 | |a Songs of Life and Hope/Cantos de vida y esperanza / |c Ruben Darío ; [edited and translated by Will Derusha and Alberto Acereda]. |
| 264 | 1 | |a Durham : |b Duke University Press, |c 2004. | |
| 264 | 3 | |a Baltimore, Md. : |b Project MUSE, |c 2020 | |
| 264 | 4 | |c ©2004. | |
| 300 | |a 1 online resource (272 pages). | ||
| 336 | |a text |b txt |2 rdacontent | ||
| 337 | |a computer |b c |2 rdamedia | ||
| 338 | |a online resource |b cr |2 rdacarrier | ||
| 505 | 0 | 0 | |t Cantos de vida y esperanza = |t Songs of life and hope -- |t Los cisnes = |t The swans -- |t Ostros poemas = |t Other poems. |
| 520 | |a First complete English translation of Songs of Life and Hope and The Swan and Other Poetry by Ruben Dario, one of the greatest poets to emerge from Latin America. | ||
| 546 | |a Text in Spanish with parallel English translation. | ||
| 588 | |a Description based on print version record. | ||
| 600 | 1 | 6 | |a Darío, Ruben, |d 1867-1916. |t Cantos de vida y esperanza. |
| 600 | 1 | 0 | |a Darío, Ruben, |d 1867-1916. |t Cantos de vida y esperanza. |
| 650 | 7 | |a POETRY |x Continental European. |2 bisacsh | |
| 630 | 0 | 7 | |a Cantos de vida y esperanza (Darío, Ruben) |2 fast |0 (OCoLC)fst01358396 |
| 655 | 7 | |a Electronic books. |2 local | |
| 700 | 1 | |a Acereda, Alberto, |d 1965- | |
| 700 | 1 | |a Derusha, Will, |d 1949- | |
| 710 | 2 | |a Project Muse. |e distributor | |
| 830 | 0 | |a Book collections on Project MUSE. | |
| 880 | 1 | 4 | |6 600-00/(N |a Dari⁺ѓo, Rube⁺ѓn, |d 1867-1916. |t Cantos de vida y esperanza. |
| 856 | 4 | 0 | |z Texto completo |u https://projectmuse.uam.elogim.com/book/69147/ |
| 945 | |a Project MUSE - Custom Collection | ||


